000 00689nam a2200289Ia 4500
005 20260324144557.0
008 008 260324s9999 xx 000 0 eng d
020 _a9781003509783
037 _aEBOOK
040 _aCRL
040 _beng
040 _cCRL
041 _2eng
041 _aeng
084 _qCRL
100 _aBikas C. Sanyal
_91219839
245 0 _aHigher Education and Employment
245 3 _bAn International Comparative Analysis
260 _bTaylor and Francis
260 _c1987
365 _a
365 _b135
856 _uhttp://www.taylorfrancis.com/books/9781003509783
942 _cEBOOK
999 _c1826611
_d1826611